Из истории русской церкви. Вып. 3: [Святой преподобный Петр, царевич Ордынский. Преподобный Прокопий Христа ради юродивый, Устюжский чудотворец] (Запись № 434338)

Подробности
000 -МАРКЕР
контрольное поле 01516nam2a2200277 4500
001 - ИДЕНТИФИКАТОР ЗАПИСИ
контрольное поле RU\NLR\bibl\1284488
005 - ИДЕНТИФИКАТОР ВЕРСИИ
контрольное поле 20260406070258.0
021 ## - НОМЕР ГОСУДАРСТВЕННОЙ РЕГИСТРАЦИИ
Код страны Российская Федерация
Номер 2008-66189
Номер Листа государственной регистраци 3773
035 ## - ДРУГИЕ СИСТЕМНЫЕ НОМЕРА
Идентификатор записи (NLR Aleph) 001270221
100 ## - ДАННЫЕ ОБЩЕЙ ОБРАБОТКИ
Данные общей обработки 20081015d2008 |||y0rusy50 ca
101 0# - ЯЗЫК РЕСУРСА
Язык текста, звукозаписи и т.д. русский
102 ## - СТРАНА ПУБЛИКАЦИИ ИЛИ ПРОИЗВОДСТВА
Страна публикации Российская Федерация
105 ## - ПОЛЕ КОДИРОВАННЫХ ДАННЫХ: ТЕКСТОВЫЕ МАТЕРИАЛЫ, МОНОГРАФИЧЕСКИЕ
Кодированные данные о монографическом текстовом документе a |||||||||
200 1# - ЗАГЛАВИЕ И СВЕДЕНИЯ ОБ ОТВЕТСТВЕННОСТИ
Основное заглавие [Святой преподобный Петр, царевич Ордынский. Преподобный Прокопий Христа ради юродивый, Устюжский чудотворец]
210 ## - ПУБЛИКАЦИЯ, РАСПРОСТРАНЕНИЕ И ДР.
Дата издания, распространения и т.д. 2008
Место издания, распространения и т.д. Б. м.
215 ## - ФИЗИЧЕСКАЯ ХАРАКТЕРИСТИКА
Специфическое обозначение материала и объем 32 с.
Другие сведения о физической характеристике ил.
461 #0 - УРОВЕНЬ НАБОРА
Встроенное поле 001RU\NLR\bibl\1309839
-- 2001#$aИз истории русской церкви$vВып. 3
Системный номер (АБИС) связанной записи 584900
Место публикации Москва
Дата публикации 2008
Имя издателя, распространителя и т.д. Общество содействия православному просвещению "Изографъ"
Сведения, относящиеся к заглавию сборник статей : [для внебогослужебных собеседований]
Заглавие Из истории русской церкви
Номер тома Вып. 3
517 0# - ДРУГИЕ ВАРИАНТЫ ЗАГЛАВИЯ
Вариант заглавия Преподобный Прокопий Христа ради юродивый, Устюжский чудотворец
702 #0 - ИМЯ ЛИЦА - ВТОРИЧНАЯ ОТВЕТСТВЕННОСТЬ
Код отношения Прочие
Материалы, к которым относится поле rus
Графика поля Кириллица
Начальный элемент ввода Петр
Дополнения к именам, кроме дат царевич Ордынский
Даты -1290
Идентификатор авторитетной/нормативной записи RU\NLR\AUTH\7780344
Системный номер авторитетной/нормативной записи 63272
702 #0 - ИМЯ ЛИЦА - ВТОРИЧНАЯ ОТВЕТСТВЕННОСТЬ
Код отношения Прочие
Материалы, к которым относится поле rus
Графика поля Кириллица
Начальный элемент ввода Прокопий Устюжский
Дополнения к именам, кроме дат святой юродивый
Даты -1303
Идентификатор авторитетной/нормативной записи RU\NLR\AUTH\7715582
Системный номер авторитетной/нормативной записи 125231
801 #0 - ИСТОЧНИК ЗАПИСИ
Страна Российская Федерация
Организация NLR
Дата составления 20081015
Правила каталогизации RCR
801 #1 - ИСТОЧНИК ЗАПИСИ
Страна Российская Федерация
Организация NLR
Дата составления 20081015
942 ## - ДОПОЛНИТЕЛЬНЫЕ ЭЛЕМЕНТЫ ЗАПИСИ (АБИС)
Тип экземпляра АБИС Книга
980 ## - КОЛЛЕКЦИЯ
Название коллекции Национальная библиография
Экземпляры
Тип экземпляра Дата поступления Источник поступления Библиотека постоянного хранения Библиотека текущего хранения Место хранения Шифр хранения Штрих-код Статус экземпляра
Книга 15.10.2008 Обязательный экземпляр РНБ (Московский) РНБ (Московский) Русский книжный фонд: издания с 1957 года 2008-4/13373 2773533  
Книга 15.10.2008 Обязательный экземпляр РНБ (Московский) РНБ (Московский) Обменный фонд   2773534